5HLuxD.jpg

KING HENRY VIII SENIOR AND PRIMARY SCHOOL LIBRARY OPAC

ART PICTURE BOOK (Record no. 5098)

000 -LEADER
fixed length control field 00341nam a22001217a 4500
008 - FIXED-LENGTH DATA ELEMENTS--GENERAL INFORMATION
fixed length control field 250612b ||||| |||| 00| 0 eng d
020 ## - INTERNATIONAL STANDARD BOOK NUMBER
International Standard Book Number 9781474938150
082 ## - DEWEY DECIMAL CLASSIFICATION NUMBER
Classification number 750 COU
100 ## - MAIN ENTRY--PERSONAL NAME
Personal name COURTAULD,SARAH
Relator term AUTHOR
245 ## - TITLE STATEMENT
Title ART PICTURE BOOK
260 ## - PUBLICATION, DISTRIBUTION, ETC.
Place of publication, distribution, etc. 83-85 SAFFRON HILL,LONDON EC1 8RT,ENGLAND
Name of publisher, distributor, etc. USBORNE PUBLISHING LTD
Date of publication, distribution, etc. 2017
942 ## - ADDED ENTRY ELEMENTS (KOHA)
Source of classification or shelving scheme
Holdings
Withdrawn status Lost status Source of classification or shelving scheme Damaged status Not for loan Collection code Permanent Location Current Location Shelving location Date acquired Full call number Barcode Date last seen Price effective from Koha item type Public note
          Non-Fiction KH8 Primary School Library KH8 Primary School Library Non Fiction 2025-06-12 750 COU 3KHPL000001039 2025-12-05 2025-06-12 Books - Non Ficton KH8 PRIMARY LIBRARY

Powered By KH8 IT Dept